000 01220nam a2200277Ia 4500
003 OSt
005 20221002045833.0
006 a|||||r|||| 00| 0
007 ta
008 220930b |||||||| |||| 00| 0 hin d
020 _a9788173097478 (pbk)
_c90
024 _a10089
037 _b1139, 20/03/2014, Anamika Publishers & Distributors Pvt. Ltd.
_cReference Collections
040 _aCRL
_cCRL
_bhin
041 _2hin
_ahin
082 _aO157,1M61x, 152Q4.28(RR)
100 _aटैगोर, रवीन्द्रनाथ
245 0 _aरवीन्द्रनाथ टैंगोर रचनावली
260 _aनई
_bदिल्ली सस्ता साहित्य भारत
_c2013
300 _a226पृ0
_ccm.
490 _vखण्ड 28
650 _aबंगाली साहित्य
700 _a चौधुरी, इन्द्रनाथ, संपा.
942 _hO157,1M61x, 152Q4.28(RR)
_cref
_2CC
999 _c913268
_d913268